[Event "CUB-ch 59th"]
[Site "Holguin"]
[Date "2023.02.10"]
[Round "9"]
[White "Miranda Mesa, Elier"]
[Black "Fernandez Cardoso, Alexey"]
[Result "1-0"]
[WhiteElo "2486"]
[BlackElo "2438"]
[PlyCount "57"]
[EventDate "2023.02.02"]
[EventType "tourn"]
[EventRounds "11"]
[EventCountry "CUB"]
[EventCategory "10"]
[SourceTitle "CBM 212 Extra"]
[Source "ChessBase"]
[SourceDate "2023.03.31"]
[SourceVersion "1"]
[SourceVersionDate "2023.03.31"]
[SourceQuality "1"]

1. e4 c5 2. Nf3 e6 3. d4 cxd4 4. Nxd4 a6 5. Bd3 Nf6 6. 0-0 e5 7. Nf3 Nc6 8. c4 Bc5 9. Nc3 d6 10. h3 h6 11. a3 g5 12. b4 g4 13. bxc5 gxf3 14. Qxf3 Nd4 15. Qe3 Nh5 16. f4 Rg8 17. fxe5 dxe5 18. Nd5 Be6 19. Qxh6 Bxd5 20. Qxh5 Be6 21. Be3 Qd7 22. Bg5 Bxh3 23. Qh7 Rf8 24. Qxh3 Ne6 25. Bf6 Qd4+ 26. Kh2 Kd7 27. Rad1 Kc6 28. Bc2 Qxc4 29. Bb3 1-0

[Event "Carlos Torre Memorial op 32nd"]
[Site "Merida"]
[Date "2022.12.21"]
[Round "9"]
[White "Fernandez Cardoso, Alexey"]
[Black "Miranda Mesa, Elier"]
[Result "1-0"]
[WhiteElo "2441"]
[BlackElo "2492"]
[PlyCount "105"]
[EventDate "2022.12.16"]
[EventType "swiss"]
[EventRounds "9"]
[EventCountry "MEX"]
[SourceTitle "CBM 212 Extra"]
[Source "ChessBase"]
[SourceDate "2023.03.31"]
[SourceVersion "1"]
[SourceVersionDate "2023.03.31"]
[SourceQuality "1"]

1. e4 c6 2. d4 d5 3. e5 c5 4. dxc5 e6 5. a3 Bxc5 6. Qg4 Ne7 7. b4 Bb6 8. Nf3 Ng6 9. Bd3 Nc6 10. Bb2 Bc7 11. 0-0 h5 12. Qg3 Nce7 13. Nc3 Nf5 14. Bxf5 exf5 15. Nb5 0-0 16. Nxc7 Qxc7 17. e6 Qxg3 18. exf7+ Rxf7 19. fxg3 f4 20. gxf4 Rxf4 21. Rad1 Rf5 22. Rfe1 Bd7 23. c4 Rd8 24. Rxd5 Rxd5 25. cxd5 Ba4 26. Re6 Nf4 27. Re7 Rxd5 28. Rxg7+ Kf8 29. h4 Bc6 30. Kh2 Rd1 31. Ng5 Rd2 32. Nh7+ Ke8 33. Bc1 Rxg2+ 34. Rxg2 Nxg2 35. b5 Nxh4 36. bxc6 bxc6 37. Nf6+ Ke7 38. Nxh5 Kd6 39. Kg3 Ng6 40. Kf3 Kd5 41. Nf6+ Kc4 42. Ke4 Ne7 43. Nd7 Ng6 44. Bg5 Kb3 45. Kf5 Nh8 46. Be7 Nf7 47. Kg6 Nd8 48. Bxd8 Kxa3 49. Kf5 Kb4 50. Ke4 a5 51. Kd3 a4 52. Kc2 Ka3 53. Be7+ 1-0

[Event "Carlos Torre Memorial op 32nd"]
[Site "Merida"]
[Date "2022.12.19"]
[Round "6"]
[White "Fernandez Cardoso, Alexey"]
[Black "Arribas Robaina, Maritza"]
[Result "1-0"]
[WhiteElo "2441"]
[BlackElo "2232"]
[PlyCount "107"]
[EventDate "2022.12.16"]
[EventType "swiss"]
[EventRounds "9"]
[EventCountry "MEX"]
[SourceTitle "CBM 212 Extra"]
[Source "ChessBase"]
[SourceDate "2023.03.31"]
[SourceVersion "1"]
[SourceVersionDate "2023.03.31"]
[SourceQuality "1"]

1. e4 e6 2. d4 d5 3. Nd2 c5 4. Ngf3 Nc6 5. dxc5 Bxc5 6. Bd3 Nb4 7. Bb5+ Bd7 8. Bxd7+ Qxd7 9. a3 Nc6 10. 0-0 Nf6 11. exd5 Qxd5 12. b4 Bb6 13. Bb2 Nd4 14. Nxd4 Bxd4 15. c3 Bb6 16. c4 Qd7 17. Bxf6 gxf6 18. Ne4 Qxd1 19. Raxd1 Ke7 20. Nd6 Rhb8 21. Rd3 a6 22. Rfd1 f5 23. c5 Bc7 24. Nxf5+ Kf6 25. Ne3 b5 26. Rd7 Rc8 27. g3 a5 28. Nc2 axb4 29. axb4 Ra2 30. Nd4 Be5 31. Nxb5 Rb8 32. Nd6 Bxd6 33. cxd6 Rxb4 34. Rc7 Rb8 35. Rd3 Rf8 36. Rf3+ Kg6 37. Re7 Rd2 38. d7 f5 39. Rxe6+ Rf6 40. Rxf6+ Kxf6 41. g4 Rxd7 42. Rxf5+ Kg6 43. Kg2 Rd3 44. Ra5 Rb3 45. h4 Rb6 46. Kg3 Kh6 47. h5 Rb1 48. Ra6+ Kg7 49. h6+ Kf7 50. f4 Rb3+ 51. Kh4 Rb4 52. f5 Rb7 53. Kg5 Rc7 54. Ra8 1-0

[Event "Carlos Torre Memorial op 32nd"]
[Site "Merida"]
[Date "2022.12.17"]
[Round "2"]
[White "Castellanos Hernandez, Lhia Itzayana"]
[Black "Fernandez Cardoso, Alexey"]
[Result "0-1"]
[WhiteElo "1921"]
[BlackElo "2441"]
[PlyCount "66"]
[EventDate "2022.12.16"]
[EventType "swiss"]
[EventRounds "9"]
[EventCountry "MEX"]
[SourceTitle "CBM 212 Extra"]
[Source "ChessBase"]
[SourceDate "2023.03.31"]
[SourceVersion "1"]
[SourceVersionDate "2023.03.31"]
[SourceQuality "1"]

1. e4 c5 2. Nf3 e6 3. b3 Nc6 4. Bb2 a6 5. d4 cxd4 6. Nxd4 Qa5+ 7. Nd2 Qe5 8. Nc4 Qxe4+ 9. Qe2 Qxe2+ 10. Bxe2 Bb4+ 11. Kf1 f6 12. Nxc6 dxc6 13. Nb6 Rb8 14. Bh5+ Ke7 15. c3 Bc5 16. Na4 Bd6 17. Nb6 e5 18. Nc4 Bc5 19. f4 Be6 20. Be2 exf4 21. Re1 Kf7 22. Bc1 f3 23. Bxf3 Bxc4+ 24. bxc4 Ne7 25. Bf4 Rbd8 26. Rb1 Rd7 27. Bg3 Nf5 28. Bf2 Bxf2 29. Kxf2 Rd2+ 30. Ke1 Rxa2 31. Rxb7+ Kg6 32. g4 Re8+ 33. Kd1 Nd6 0-1

[Event "Carlos Torre Memorial op 32nd"]
[Site "Merida"]
[Date "2022.12.17"]
[Round "3"]
[White "Fernandez Cardoso, Alexey"]
[Black "Almeida Quintana, Omar"]
[Result "1/2-1/2"]
[WhiteElo "2441"]
[BlackElo "2534"]
[PlyCount "48"]
[EventDate "2022.12.16"]
[EventType "swiss"]
[EventRounds "9"]
[EventCountry "MEX"]
[SourceTitle "CBM 212 Extra"]
[Source "ChessBase"]
[SourceDate "2023.03.31"]
[SourceVersion "1"]
[SourceVersionDate "2023.03.31"]
[SourceQuality "1"]

1. e4 d6 2. d4 Nf6 3. Nc3 e5 4. Nf3 Nbd7 5. Bc4 Be7 6. 0-0 0-0 7. Re1 h6 8. h3 Re8 9. a4 c6 10. dxe5 dxe5 11. Nd2 a5 12. Qf3 Bb4 13. Rd1 Qe7 14. Ne2 Nb6 15. Bb3 Be6 16. c3 Bc5 17. Bc2 Nh7 18. Nb3 Ng5 19. Bxg5 hxg5 20. Ng3 g6 21. Nxc5 Qxc5 22. Nf1 Kg7 23. Ne3 f6 24. Rd2 Rad8 1/2-1/2

[Event "Titled Tuesday intern op 27th Oct"]
[Site "Chess.com INT"]
[Date "2020.10.27"]
[Round "5"]
[White "Artemiev, Vladislav"]
[Black "Fernandez Cardoso, Alexey"]
[Result "1-0"]
[WhiteElo "2716"]
[BlackElo "2421"]
[PlyCount "163"]
[EventDate "2020.10.27"]
[EventType "swiss (blitz)"]
[EventRounds "11"]
[EventCountry "USA"]
[SourceTitle "CBM 199 Extra"]
[Source "ChessBase"]
[SourceDate "2021.01.31"]
[SourceVersion "1"]
[SourceVersionDate "2021.01.31"]
[SourceQuality "1"]

1. d4 d5 2. Nf3 Nf6 3. Bf4 g6 4. e3 Bg7 5. Nbd2 0-0 6. Be2 b6 7. 0-0 Bb7 8. c3 c5 9. Ne5 Nc6 10. a4 Nd7 11. Nxd7 Qxd7 12. Nf3 Rfe8 13. a5 e5 14. Nxe5 Nxe5 15. dxe5 Bxe5 16. Bxe5 Rxe5 17. axb6 axb6 18. Rxa8+ Bxa8 19. Bf3 Bc6 20. Qb3 b5 21. Rd1 Kg7 22. h3 h5 23. Qa3 Qe7 24. b4 c4 25. Rd4 Rg5 26. Qc1 Qf6 27. Rf4 Qe5 28. Qd2 Rf5 29. Rd4 Qe6 30. h4 Re5 31. g3 Rf5 32. Bg2 Re5 33. Rf4 Rf5 34. Bh3 Qe5 35. Bxf5 gxf5 36. Qd4 Kf6 37. f3 Bd7 38. Kf2 Be6 39. Qxe5+ Kxe5 40. Rd4 Kd6 41. Rd1 Kc7 42. Ra1 Kb7 43. Ke2 Bd7 44. Rd1 Be6 45. Rd4 Kc6 46. e4 fxe4 47. fxe4 Kd6 48. Ke3 Ke5 49. exd5 Bxd5 50. Rd2 Be6 51. Rd8 Kf5 52. Rg8 f6 53. Rb8 Bd7 54. Rb6 Be8 55. Kd4 Kg4 56. Rb8 Bd7 57. Rd8 Bc6 58. Kc5 Be4 59. Rg8+ Kf5 60. Kxb5 Bd3 61. Kc5 Ke5 62. b5 Be4 63. Re8+ Kf5 64. Rxe4 Kxe4 65. b6 Kd3 66. b7 Kxc3 67. b8Q Kd3 68. Qd6+ Ke3 69. Qd4+ Kf3 70. Qf4+ Kg2 71. Kxc4 f5 72. Kd5 Kh2 73. Ke5 Kh3 74. Kxf5 Kh2 75. Qf3 Kh3 76. Kf4 Kh2 77. Qe2+ Kh3 78. Qxh5 Kh2 79. Kf3 Kh3 80. Qf5+ Kh2 81. Qc2+ Kh3 82. Qg2# 1-0

[Event "CUB-ch 56th"]
[Site "Santa Clara"]
[Date "2019.02.13"]
[Round "11"]
[White "Almeida Quintana, Omar"]
[Black "Fernandez Cardoso, Alexey"]
[Result "0-1"]
[WhiteElo "2550"]
[BlackElo "2437"]
[PlyCount "80"]
[EventDate "2019.02.03"]
[EventType "tourn"]
[EventRounds "11"]
[EventCountry "CUB"]
[EventCategory "11"]
[SourceTitle "CBM 188 Extra"]
[Source "ChessBase"]
[SourceDate "2019.02.26"]
[SourceVersion "1"]
[SourceVersionDate "2019.02.26"]
[SourceQuality "1"]

1. d4 Nf6 2. c4 g6 3. Nc3 Bg7 4. e4 d6 5. h3 0-0 6. Be3 e5 7. d5 a5 8. g4 Na6 9. Nge2 Nc5 10. Ng3 c6 11. g5 Nfd7 12. dxc6 bxc6 13. Qxd6 Ne6 14. 0-0-0 Nd4 15. Nge2 c5 16. Nd5 Bb7 17. Nec3 Ra7 18. Nb5 Bxd5 19. Qxd5 Ra6 20. h4 Qe7 21. Qb7 Rb6 22. Qc7 Rfb8 23. Bh3 R6b7 24. Qxa5 Nb6 25. b3 Na8 26. Rd3 Nc7 27. Nxc7 Rxc7 28. Kb2 Rb4 29. Bd2 Rb8 30. Qc3 Ra7 31. Ra1 Qb7 32. Bg2 Rba8 33. Kb1 Ne2 34. Qc2 Nf4 35. Rg3 Rd8 36. Be3 Qb4 37. a4 Rad7 38. a5 Rd1+ 39. Bc1 R8d2 40. Qc3 Ne2 0-1

[Event "CUB-ch 56th"]
[Site "Santa Clara"]
[Date "2019.02.09"]
[Round "7"]
[White "Martinez Ramirez, Lennis"]
[Black "Fernandez Cardoso, Alexey"]
[Result "1-0"]
[WhiteElo "2452"]
[BlackElo "2437"]
[PlyCount "83"]
[EventDate "2019.02.03"]
[EventType "tourn"]
[EventRounds "11"]
[EventCountry "CUB"]
[EventCategory "11"]
[SourceTitle "CBM 188 Extra"]
[Source "ChessBase"]
[SourceDate "2019.02.26"]
[SourceVersion "1"]
[SourceVersionDate "2019.02.26"]
[SourceQuality "1"]

1. e4 c5 2. Nf3 e6 3. d4 cxd4 4. Nxd4 a6 5. Nc3 b5 6. Bd3 Bb7 7. 0-0 Qc7 8. a4 b4 9. Na2 Nf6 10. Qe2 Nc6 11. Nxc6 Qxc6 12. Re1 d5 13. e5 Ne4 14. Be3 Qxa4 15. c3 bxc3 16. Nxc3 Nxc3 17. bxc3 Qc6 18. Reb1 Be7 19. Rb6 Qc7 20. Bb5+ Kf8 21. Bxa6 g5 22. Qh5 Bxa6 23. Rbxa6 Rxa6 24. Rxa6 Qxc3 25. Qh6+ Ke8 26. Ra8+ Kd7 27. Ra7+ Kc6 28. h4 Rb8 29. Qxh7 Bc5 30. Bxc5 Qe1+ 31. Kh2 Qxe5+ 32. g3 gxh4 33. Ra6+ Kxc5 34. Qc2+ Kb4 35. Qa4+ Kc3 36. Rc6+ Kd2 37. Qc2+ Ke1 38. Qc1+ Kxf2 39. Rc2+ Kf3 40. Qd1+ Ke4 41. Re2+ Kf5 42. Qf1+ 1-0

[Event "Barcelona Sants op 20th"]
[Site "Barcelona"]
[Date "2018.08.22"]
[Round "6"]
[White "Jimenez Ruano, Adrian"]
[Black "Fernandez Cardoso, Alexey"]
[Result "1/2-1/2"]
[WhiteElo "2244"]
[BlackElo "2403"]
[PlyCount "166"]
[EventDate "2018.08.17"]
[EventType "swiss"]
[EventRounds "10"]
[EventCountry "ESP"]
[SourceTitle "CBM 186 Extra"]
[Source "ChessBase"]
[SourceDate "2018.08.24"]
[SourceVersion "1"]
[SourceVersionDate "2018.08.24"]
[SourceQuality "1"]

1. d4 Nf6 2. c4 g6 3. Nc3 Bg7 4. e4 d6 5. h3 0-0 6. Nf3 e5 7. d5 a5 8. g4 Na6 9. Be3 Nd7 10. a3 Nb6 11. Rg1 Bd7 12. h4 Nc5 13. b3 Kh8 14. a4 Qe7 15. Qc2 c6 16. 0-0-0 Rac8 17. Bxc5 dxc5 18. d6 Qf6 19. Rd3 Rcd8 20. Bh3 Be6 21. g5 Qf4+ 22. Re3 Bxh3 23. Ne2 Qxe3+ 24. fxe3 Nc8 25. Nc3 Nxd6 26. Qh2 Bc8 27. h5 Kg8 28. Rh1 Rfe8 29. hxg6 hxg6 30. Qh7+ Kf8 31. Nh4 Bg4 32. Rf1 Re6 33. Nd5 Bh5 34. Nf5 gxf5 35. exf5 Nxf5 36. Qxh5 cxd5 37. Rxf5 Re7 38. cxd5 Rxd5 39. e4 Rd6 40. Rf6 Rd4 41. Qg4 Red7 42. Rb6 Ke7 43. Rb5 c4 44. b4 axb4 45. Rxb4 Kd8 46. Rb5 c3 47. Rc5 Rxa4 48. Rxc3 Ra6 49. Qh3 Rg6 50. Rd3 Rxd3 51. Qxd3+ Ke8 52. Qb5+ Kf8 53. Qd7 Kg8 54. Qe8+ Bf8 55. Qxe5 b6 56. Kc2 Re6 57. Qd5 Be7 58. Kb3 Rg6 59. Qa8+ Kg7 60. Qa1+ Kh7 61. Qa7 Re6 62. Qb7 Re5 63. Qc7 Re6 64. Qb7 Kg6 65. Qd5 Bd6 66. Qf5+ Kg7 67. Qf3 b5 68. Qf5 b4 69. Qf3 Be7 70. Qf5 Kg8 71. Qd5 Rd6 72. Qe5 Bf8 73. Qf5 Ra6 74. Qd5 Ra3+ 75. Kc2 Rc3+ 76. Kd2 Rc5 77. Qd8 Rc6 78. Qb8 Rg6 79. Qb5 Re6 80. Kd3 Be7 81. Qb8+ Kg7 82. Qb5 Rd6+ 83. Ke3 Kg8 1/2-1/2

[Event "La Pobla de Lillet op-A 28th"]
[Site "La Pobla de Lillet"]
[Date "2018.08.04"]
[Round "4"]
[White "Fernandez Cardoso, Alexey"]
[Black "Renteria Becerra, Jorge Elicer"]
[Result "1-0"]
[WhiteElo "2403"]
[BlackElo "2280"]
[PlyCount "87"]
[EventDate "2018.08.01"]
[EventType "swiss"]
[EventRounds "9"]
[EventCountry "ESP"]
[SourceTitle "CBM 185 Extra"]
[Source "ChessBase"]
[SourceDate "2018.07.29"]
[SourceVersion "1"]
[SourceVersionDate "2018.07.29"]
[SourceQuality "1"]

1. e4 e5 2. Nf3 Nc6 3. Bb5 Nd4 4. Nxd4 exd4 5. 0-0 Bc5 6. Bc4 Qh4 7. Qf3 Qf6 8. Qe2 Ne7 9. e5 Qg6 10. c3 0-0 11. Bd3 Qh6 12. b4 Bb6 13. Na3 d5 14. exd6 Nf5 15. Nc4 Nxd6 16. Nxb6 axb6 17. Qe5 Qh4 18. g3 Qh6 19. Qxd4 Bh3 20. Re1 Rad8 21. Bf1 Rfe8 22. d3 Qh5 23. Bg5 f6 24. Bxh3 Qxh3 25. Bf4 Nf5 26. Rxe8+ Rxe8 27. Qd5+ Kh8 28. Qf7 Ra8 29. Re1 h5 30. Re8+ Rxe8 31. Qxe8+ Kh7 32. Qe4 c6 33. a4 Qg4 34. f3 Qg6 35. b5 Nh4 36. Qxg6+ Nxg6 37. bxc6 bxc6 38. Bc7 b5 39. a5 Ne7 40. Bd6 Nd5 41. c4 bxc4 42. dxc4 Ne3 43. a6 Nxc4 44. Bc5 1-0

[Event "Sitges op 44th"]
[Site "Sitges"]
[Date "2018.07.22"]
[Round "1"]
[White "Kumar, Gaurav"]
[Black "Fernandez Cardoso, Alexey"]
[Result "0-1"]
[WhiteElo "2074"]
[BlackElo "2439"]
[PlyCount "119"]
[EventDate "2018.07.22"]
[EventType "swiss"]
[EventRounds "9"]
[EventCountry "ESP"]
[SourceTitle "CBM 185 Extra"]
[Source "ChessBase"]
[SourceDate "2018.07.29"]
[SourceVersion "1"]
[SourceVersionDate "2018.07.29"]
[SourceQuality "1"]

1. e4 c5 2. Nf3 e6 3. d4 cxd4 4. Nxd4 a6 5. Bd3 Nf6 6. 0-0 d6 7. c4 g6 8. b3 Bg7 9. Bb2 0-0 10. Qe2 Qc7 11. Kh1 Nbd7 12. f4 e5 13. fxe5 Nxe5 14. Nc3 Re8 15. Bc2 Bd7 16. Rad1 Rac8 17. Bb1 Qc5 18. Nf3 Nxf3 19. gxf3 Bc6 20. Qd2 Rcd8 21. Nd5 Bxd5 22. cxd5 Nd7 23. Rc1 Qa7 24. Bxg7 Kxg7 25. Qc3+ Kg8 26. f4 Qb8 27. Qc7 Nf6 28. Qxb8 Rxb8 29. Rc7 Nxe4 30. f5 g5 31. Bxe4 Rxe4 32. Rd7 Rc8 33. Rxd6 Kg7 34. Rf2 Rc1+ 35. Kg2 Rg4+ 36. Kf3 Rf4+ 37. Kg2 Rxf2+ 38. Kxf2 Rc2+ 39. Kg3 Rxa2 40. h4 gxh4+ 41. Kxh4 h6 42. b4 Rd2 43. Kg4 Rd4+ 44. Kh5 Rf4 45. Rd7 Rxb4 46. d6 b5 47. Ra7 Rf4 48. Rxa6 Rxf5+ 49. Kg4 Rd5 50. Kf4 Kf6 51. Ke4 Rg5 52. d7+ Ke7 53. Rd6 Kd8 54. Kf4 Rg6 55. Rd1 Rb6 56. Ke5 b4 57. Kd5 b3 58. Kc5 Rb7 59. Kc6 Rc7+ 60. Kb6 0-1

[Event "Barcelona Sant Marti op-A 20th"]
[Site "Barcelona"]
[Date "2018.07.21"]
[Round "9"]
[White "Fernandez Cardoso, Alexey"]
[Black "Frayna, Janelle Mae"]
[Result "1/2-1/2"]
[WhiteElo "2439"]
[BlackElo "2315"]
[PlyCount "64"]
[EventDate "2018.07.13"]
[EventType "swiss"]
[EventRounds "9"]
[EventCountry "ESP"]
[SourceTitle "CBM 185 Extra"]
[Source "ChessBase"]
[SourceDate "2018.07.29"]
[SourceVersion "1"]
[SourceVersionDate "2018.07.29"]
[SourceQuality "1"]

1. e4 g6 2. d4 Bg7 3. Nc3 d6 4. h3 a6 5. a4 Nf6 6. Nge2 h5 7. g3 0-0 8. Bg2 e5 9. 0-0 Nbd7 10. dxe5 dxe5 11. Be3 Qe7 12. a5 Rd8 13. Qc1 b5 14. axb6 cxb6 15. Nd5 Nxd5 16. exd5 Rb8 17. c4 Nc5 18. Qc3 a5 19. b4 axb4 20. Qxb4 Bf5 21. Nc3 Qd7 22. Kh2 Bd3 23. Rfd1 e4 24. Ra2 Be5 25. Nb5 Ra8 26. Rdd2 h4 27. Bd4 hxg3+ 28. fxg3 Qe7 29. d6 Qg5 30. Bxe5 Qxe5 31. Rxa8 Rxa8 32. Nc7 Rd8 1/2-1/2

[Event "Barcelona Sant Marti op-A 20th"]
[Site "Barcelona"]
[Date "2018.07.17"]
[Round "5"]
[White "Fernandez Cardoso, Alexey"]
[Black "Serarols Mabras, Bernat"]
[Result "1/2-1/2"]
[WhiteElo "2439"]
[BlackElo "2269"]
[PlyCount "86"]
[EventDate "2018.07.13"]
[EventType "swiss"]
[EventRounds "9"]
[EventCountry "ESP"]
[SourceTitle "CBM 185 Extra"]
[Source "ChessBase"]
[SourceDate "2018.07.29"]
[SourceVersion "1"]
[SourceVersionDate "2018.07.29"]
[SourceQuality "1"]

1. e4 c6 2. d4 d5 3. e5 Bf5 4. Nf3 e6 5. Be2 c5 6. 0-0 Nc6 7. c3 cxd4 8. cxd4 Nge7 9. Nc3 Nc8 10. Be3 Be7 11. Ne1 Bg6 12. f4 h5 13. a3 Nb6 14. Nf3 a6 15. Nd2 Rc8 16. Rf3 Bf5 17. h3 Na5 18. Nf1 Bg6 19. Ng3 Nbc4 20. Bc1 Nc6 21. Kh1 Qb6 22. Bxc4 dxc4 23. d5 exd5 24. f5 Bh7 25. f6 gxf6 26. exf6 Bd6 27. Re3+ Kd7 28. Qxh5 Bg6 29. Qg4+ Kd8 30. Nf5 Ne5 31. Rxe5 Bxe5 32. Ne7 Rc6 33. Ncxd5 Qd4 34. Bf4 Bxf4 35. Nxf4 Qxf6 36. Rd1+ Rd6 37. Qc8+ Kxe7 38. Qc7+ Kf8 39. Rxd6 Qxb2 40. Nxg6+ Kg7 41. Nxh8 Qa1+ 42. Kh2 Qe5+ 43. Kg1 Qe1+ 1/2-1/2